Học và sử dụng tiếng Anh trong lĩnh vực quảng cáo Thương mại /

Đã lưu trong:
書目詳細資料
主要作者: Lê,Huy Lâm
格式: 圖書
出版: HCM. : Tổng hợp. 2004
主題:
標簽: 添加標簽
沒有標簽, 成為第一個標記此記錄!
Thư viện lưu trữ: Mạng thư viện Đại học Đà Nẵng
LEADER 00934nam a22002651a 4500
001 000037263
003 13558
005 20220722155502.0
008 160412s2004 000
020 |c 60000 
082 |a 428  |b LE-L 
100 |a Lê,Huy Lâm 
245 0 |a Học và sử dụng tiếng Anh trong lĩnh vực quảng cáo Thương mại /  |c Lê Huy Lâm. 
260 |c 2004  |a HCM. :  |b Tổng hợp. 
300 |a 357tr. : ;  |c 20cm. 
653 |a sử dụng tiếng Anh  |a quảng cáo Thương mại 
OWN |a LNN 
AVA |a UDN50  |b LNN  |c English  |d 428LE-L  |e available  |t Error 5001 Not defined in file expand_doc_bib_avail.  |f 1  |g 0  |h N  |i 0  |j AN 
999 |a From the UDN01 
AVA |a UDN50  |b LNN  |c English  |d 428LE-L  |e available  |t Error 5001 Not defined in file expand_doc_bib_avail.  |f 1  |g 0  |h N  |i 0  |j AN 
TYP |a Monograph 
980 |a Mạng thư viện Đại học Đà Nẵng